Money banking and international trade : (Record no. 31142)
[ view plain ]
| 000 -LEADER | |
|---|---|
| fixed length control field | 00659nam a2200241Ia 4500 |
| 003 - CONTROL NUMBER IDENTIFIER | |
| control field | OSt |
| 005 - DATE AND TIME OF LATEST TRANSACTION | |
| control field | 20231214145509.0 |
| 008 - FIXED-LENGTH DATA ELEMENTS--GENERAL INFORMATION | |
| fixed length control field | 210323s9999||||xx |||||||||||||| ||und|| |
| 040 ## - CATALOGING SOURCE | |
| Transcribing agency | STCPL |
| 041 ## - LANGUAGE CODE | |
| Language code of text/sound track or separate title | English |
| 082 ## - DEWEY DECIMAL CLASSIFICATION NUMBER | |
| Classification number | 332.4 |
| Item number | AGY-M |
| 100 ## - MAIN ENTRY--PERSONAL NAME | |
| Personal name | Mehta, Agya Pal |
| 100 ## - MAIN ENTRY--PERSONAL NAME | |
| Personal name | Bhardwaj, Om Prakash |
| 245 #0 - TITLE STATEMENT | |
| Title | Money banking and international trade : |
| Remainder of title | Theory , policy and institutions / |
| Statement of responsibility, etc. | by Agya Pal Mehta and Om Prakash Bhardwaj |
| 260 ## - PUBLICATION, DISTRIBUTION, ETC. | |
| Place of publication, distribution, etc. | Delhi : |
| Name of publisher, distributor, etc. | Vishal Publications , |
| 300 ## - PHYSICAL DESCRIPTION | |
| Extent | 512 p. |
| Other physical details | Hard Back |
| 650 ## - SUBJECT ADDED ENTRY--TOPICAL TERM | |
| Topical term or geographic name entry element | Economics |
| 650 ## - SUBJECT ADDED ENTRY--TOPICAL TERM | |
| Topical term or geographic name entry element | Money |
| 650 ## - SUBJECT ADDED ENTRY--TOPICAL TERM | |
| Topical term or geographic name entry element | Monetary systems |
| 650 ## - SUBJECT ADDED ENTRY--TOPICAL TERM | |
| Topical term or geographic name entry element | International trade |
| 942 ## - ADDED ENTRY ELEMENTS (KOHA) | |
| Koha item type | Books |
| 942 ## - ADDED ENTRY ELEMENTS (KOHA) | |
| Source of classification or shelving scheme | Dewey Decimal Classification |
| Withdrawn status | Lost status | Source of classification or shelving scheme | Damaged status | Collection code | Not for loan | Home library | Current library | Shelving location | Date acquired | Cost, normal purchase price | Total Checkouts | Full call number | Barcode | Date last seen | Price effective from | Koha item type |
|---|---|---|---|---|---|---|---|---|---|---|---|---|---|---|---|---|
| Dewey Decimal Classification | Economics | ST. THOMAS COLLEGE LIBRARY, PALAI | ST. THOMAS COLLEGE LIBRARY, PALAI | Economics | 2021-07-10 | 27.50 | 332.4 AGY-M | 43686 | 2021-07-10 | 2021-07-10 | Books |
